Vista normal
Vista MARC
Entrada Personal Name
Número de registros utilizados en: 29
001 - CONTROL NUMBER
- control field: 2
003 - CONTROL NUMBER IDENTIFIER
- control field: DO-SdBNP
005 - DATE AND TIME OF LATEST TRANSACTION
- control field: 20160721100812.0
008 - FIXED-LENGTH DATA ELEMENTS
- fixed length control field: 830409n| azannaabn |a aaa
010 ## - LIBRARY OF CONGRESS CONTROL NUMBER
- LC control number: n 82165628
035 ## - SYSTEM CONTROL NUMBER
- System control number: (OCoLC)oca00861499
040 ## - CATALOGING SOURCE
- Original cataloging agency: DO-SdBNP
- Language of cataloging: eng
- Description conventions: rda
046 ## - SPECIAL CODED DATES
- Birth date: 19060901
- Death date: 20020714
053 #0 - LC CLASSIFICATION NUMBER
- Classification number element--single number or beginning number of span: PQ7409.B3
100 1# - HEADING--PERSONAL NAME
- Personal name: Balaguer, Joaquín,
- Dates associated with a name: 1906-2002
370 ## - ASSOCIATED PLACE
- Place of birth: Navarrete, República Dominicana
- Place of death: Santo Domingo, República Dominicana
374 ## - OCCUPATION
- Occupation: Presidente
- Occupation: Dominicano autor
375 ## - GENDER
- Gender: hombre
377 ## - ASSOCIATED LANGUAGE
- Language code: spa
400 1# - SEE FROM TRACING--PERSONAL NAME
- Personal name: Balaguer y Ricardo, Joaquín,
- Dates associated with a name: 1906-2002
400 1# - SEE FROM TRACING--PERSONAL NAME
- Personal name: Ricardo, Joaquín Balaguer y,
- Dates associated with a name: 1906-2002
400 1# - SEE FROM TRACING--PERSONAL NAME
- Personal name: Balaguer Ricardo, Joaquín,
- Dates associated with a name: 1906-2002
510 1# - SEE ALSO FROM TRACING--CORPORATE NAME
- Corporate name or jurisdiction name as entry element: República Dominicana
- Subordinate unit: Presidente (1966-1978 : Balaguer)
670 1# - SOURCE DATA FOUND
- Source citation: Traslado de los restos ... 1988:
- Information found: t.p. (Joaquín Balaguer Ricardo)
670 ## - SOURCE DATA FOUND
- Source citation: Wikipedia WWW site, Dec. 29, 2006
- Information found: (under Joaquín Balaguer: Joaquín Amparo Balaguer Ricardo; b. Sept. 1, 1906, Navarrete; d. July 14, 2002, Santo Domingo; presidente de República Dominicana, Aug. 3, 1960-Jan. 16, 1962, Julio 1, 1966-Aug. 16, 1978, Aug. 16, 1986-Aug. 16, 1996)